| 000 | 00699nam a2200169 a 4500 | ||
|---|---|---|---|
| 008 | 100125s1999 ||||||||||||||||| || u | ||
| 050 | _aGOV.ZAM(02)1999/5 | ||
| 110 | _aGovernment of the Republic of Zambia. Ministry of Communications and Transport | ||
| 245 | 1 | 0 | _aZambia road safety study: final report and action plan |
| 260 |
_aLusaka _bMinistry of Communications and Transport _c1999 |
||
| 300 | _a26p. | ||
| 350 | _a0.00 | ||
| 650 | _aROADS--ZAMBIA | ||
| 650 | _aREPORTS | ||
| 710 | _aGovernment of the Republic of Zambia (GRZ) | ||
| 995 |
_D0.00 _FCBU-MAIN LIBRARY (Kitwe) _H1 _I0.00 _M1 _UAVAILABLE _WJan 25, 2010 _ZZambiana Collection |
||
| 999 |
_c62402 _d62402 |
||